Egypt voyage to the land of the Pharaohs
Αποθηκεύτηκε σε:
| Συλλογικό Έργο: | , |
|---|---|
| Μορφή: | Ηλεκτρονική πηγή |
| Γλώσσα: | English |
| Δημοσίευση: |
Paris :
Montrarnasse Multimedia,
1999
|
| Θέματα: | |
| Ετικέτες: |
Προσθήκη ετικέτας
Δεν υπάρχουν, Καταχωρήστε ετικέτα πρώτοι!
|
MARC
| LEADER | 00000cmm a2200000 i 4500 | ||
|---|---|---|---|
| 001 | 1/17600 | ||
| 008 | 010227s1999 eng d | ||
| 035 | |l 10066197 | ||
| 040 | |a GR-MY-UA |b gre |e aacr | ||
| 041 | 0 | |a eng | |
| 082 | 0 | |a 962 |2 (21) | |
| 245 | 1 | 0 | |a Egypt |h [Computer file] : |b voyage to the land of the Pharaohs / |c Montparnasse Multimedia and La Cinquieme Multimedia |
| 260 | |a Paris : |b Montrarnasse Multimedia, |c 1999 | ||
| 300 | |a 1 οπτική δισκέτα λέιζερ (Η/Υ); |c 4 3/4 ίν+ |e 1 φυλλάδιο | ||
| 538 | |a Απαιτήσεις συστήματος: PC: Pentium 166 MMX, 48 MB of RAM, thousands of colors, display 800 X 600, 8X CD-ROM drive, windows 95/98; MAC: Power PC 166 Mhz, 48 MB of RAM, thousands of colors, display 800 X 600, 8X CD-ROM drive, systme 7.5 or higher | ||
| 651 | 0 | |a Egypt |x Civilization. | |
| 651 | 0 | |a Egypt |x History. | |
| 651 | 0 | |a Egypt |x Study and teaching. | |
| 710 | 2 | |a Montparnasse Multimedia (Firm) | |
| 710 | 2 | |a Cinquieme (Firm) | |
| 852 | |a INST |b SYROS |c AV |e 20010227 |h 962 MON |p 005500001375 |q 005500001375 |t CDROM |y 12 | ||
| 901 | |a BIBL5-2000-2 | ||
| 909 | |a Ε |b 085679 | ||
| 970 | |a ΚΟΝΤΟΥ |b ΠΑΡΑΣΚΕΥΗ |z 2001/02/27 | ||